000 00430nam a2200133Ia 4500
008 220217s9999 xx 000 0 und d
245 0 _aMethods of test for vulcanized rubbers. Part III. Abrasion resistance- Du pont constant load method.
260 _c1965
500 _aStandard number: IS 3400 Part III
650 _aAbrasion resistance
650 _aDu pont constant load method
650 _aVulcanized rubber
942 _cST
999 _c73671
_d73671